Wszystkie znaki ostrzegawcze - Statystyki

Ogólne statystyki
  • Ten quiz został rozwiązany 73 razy
  • Średni wynik to 13 z 41
Statystyki odpowiedzi
Obrazkowy Odpowiedź % Poprawnych
Ustąp pierwszeństwa
82%
Niebezpieczny zakręt w lewo
58%
Tramwaj
52%
Lotnisko
48%
Roboty drogowe
48%
Przejście dla pieszych
42%
Dzieci
39%
Próg zwalniający
39%
Przejazd kolejowy bez zapór
39%
Przejazd kolejowy z zaporami
39%
Stromy podjazd
39%
Rowerzyści
36%
Skrzyżowanie o ruchu okrężnym
33%
Wlot drogi jednokierunkowej z lewej strony
33%
Zwierzęta dzikie
33%
Niebezpieczne zakręty, pierwszy w lewo
30%
Niebezpieczne zakręty, pierwszy w prawo
30%
Niebezpieczny zjazd
30%
Skrzyżowanie dróg
30%
Zwierzęta gospodarskie
30%
Inne niebezpieczeństwo
27%
Nierówna droga
27%
Ruchomy most
27%
Spadające odłamki skalne
27%
Wlot drogi jednokierunkowej z prawej strony
27%
Zator drogowy
27%
Boczny wiatr
24%
Niebezpieczne pobocze
24%
Nabrzeże lub brzeg rzeki
21%
Odcinek jezdni o ruchu dwukierunkowym
21%
Skrzyżowanie z drogą podporządkowaną występującą po lewej stronie
21%
Skrzyżowanie z drogą podporządkowaną występującą po obu stronach
21%
Śliska jezdnia
21%
Sypki żwir
21%
Wypadek drogowy
21%
Oszronienie jezdni
18%
Skrzyżowanie z drogą podporządkowaną występującą po prawej stronie
18%
Sygnały świetlne
18%
Zwężenie jezdni dwustronne
15%
Zwężenie jezdni lewostronne
15%
Zwężenie jezdni prawostronne
15%
Nie znaleziono quizów pasujących do podanych kryteriów
Rozkład punktacji
Procent ludzi z każdym wynikiem
Percentyl według liczby udzielonych odpowiedzi
Twoja historia wyników
Nie rozwiązałeś tego quizu